Confesiones / (Record no. 133739)
[ view plain ]
| 000 -LEADER | |
|---|---|
| campo de control de longitud fija | 01436nam a2200349 i 4500 |
| 001 - NÚMERO DE CONTROL | |
| campo de control | 133739 |
| 003 - IDENTIFICADOR DE NÚMERO DE CONTROL | |
| campo de control | ES-MaACL |
| 005 - FECHA Y HORA DE LA ÚLTIMA TRANSACCIÓN | |
| campo de control | 20230906194522.0 |
| 007 - CAMPO FIJO DE DESCRIPCIÓN FÍSICA--INFORMACIÓN GENERAL | |
| campo de control de longitud fija | t| |
| 008 - DATOS DE LONGITUD FIJA--INFORMACIÓN GENERAL | |
| campo de control de longitud fija | 070828s1946 sp ||||1| spa d |
| 080 ## - NÚMERO DE LA CLASIFICACIÓN DECIMAL UNIVERSAL | |
| Número de la Clasificación Decimal Universal | 1 Agustín, Santo |
| 080 ## - NÚMERO DE LA CLASIFICACIÓN DECIMAL UNIVERSAL | |
| Número de la Clasificación Decimal Universal | 929 Agustin, Santo |
| 100 0# - ENTRADA PRINCIPAL--NOMBRE DE PERSONA | |
| Nombre de persona | Agustín |
| Títulos y otros términos asociados al nombre | Santo, Obispo de Hipona. |
| 9 (RLIN) | 125563 |
| 245 10 - MENCIÓN DEL TÍTULO | |
| Título | Confesiones / |
| Mención de responsabilidad, etc. | San Agustín ; [edición crítica y anotada por el R. P. Ángel C. Vega]. |
| 246 11 - FORMA VARIANTE DEL TITULO | |
| Título propio/Titulo breve | Confessiones |
| 260 ## - PUBLICACIÓN, DISTRIBUCIÓN, ETC. | |
| Lugar de publicación, distribución, etc. | Madrid : |
| Nombre del editor, distribuidor, etc. | Biblioteca de Autores Cristianos : |
| -- | La Editorial Católica, |
| Fecha de publicación, distribución, etc. | 1946. |
| 300 ## - DESCRIPCIÓN FÍSICA | |
| Extensión | 975 p. : |
| Otras características físicas | il. ; |
| Dimensiones | 20 cm. |
| 490 1# - MENCIÓN DE SERIE | |
| Mención de serie | Obras de San Agustín : texto bilingüe ; |
| Designación de volumen o secuencia | 2 |
| 490 1# - MENCIÓN DE SERIE | |
| Mención de serie | B.A.C. Sección VI. Filosofía |
| 500 ## - NOTA GENERAL | |
| Nota general | Cronología de las obras de San Agustín. |
| 504 ## - NOTA DE BIBLIOGRAFÍA, ETC. | |
| Nota de bibliografía, etc. | Bibliografía. |
| 505 8# - NOTA DE CONTENIDO CON FORMATO | |
| Nota de contenido con formato | Contiene: T. II : Introducción a la filosofía de San Agustín. Las Confesiones. |
| 546 ## - NOTA DE IDIOMA | |
| Nota de lengua/lenguaje | Texto latino y traducción en español. |
| 594 ## - Nota al título y mención de responsabilidad | |
| Nota al título y mención de responsabilidad | Tít. tomado del lomo. |
| 600 04 - PUNTO DE ACCESO ADICIONAL DE MATERIA--NOMBRE DE PERSONA | |
| Nombre de persona | Agustín |
| Títulos y otros términos asociados al nombre | Santo, Obispo de Hipona- |
| Subdivisión general | Biografías. |
| 9 (RLIN) | 18920 |
| 600 04 - PUNTO DE ACCESO ADICIONAL DE MATERIA--NOMBRE DE PERSONA | |
| Nombre de persona | Agustín |
| Títulos y otros términos asociados al nombre | Santo, Obispo de Hipona- |
| Subdivisión general | Crítica e interpretación. |
| 9 (RLIN) | 18918 |
| 700 1# - ENTRADA AGREGADA--NOMBRE PERSONAL | |
| Nombre de persona | Vega, Ángel Custodio. |
| 9 (RLIN) | 113535 |
| 830 0# - PUNTO DE ACCESO ADICIONAL DE SERIE-TÍTULO UNIFORME | |
| Título uniforme | Obras de San Agustín : texto bilingüe ; |
| Designación de volumen o secuencia | 2 |
| 9 (RLIN) | 219777 |
| 830 0# - PUNTO DE ACCESO ADICIONAL DE SERIE-TÍTULO UNIFORME | |
| Título uniforme | B.A.C. Sección VI. Filosofía |
| 9 (RLIN) | 191901 |
| 852 4# - LOCALIZACIÓN | |
| Ubicación | ES-MaACL |
| Número de control de estantería | E-12044 |
| itemnumber | R.139951 |
| Nota libre | . - Biblioteca Jacinto Martínez Lacalle |
| Estatus retirado | Estado de pérdida | Estado de daño | No para préstamo | Biblioteca de origen | Biblioteca actual | Ubicación en estantería | Fecha de adquisición | Fuente de adquisición | Total de préstamos | Signatura topográfica completa | Código de barras | Visto por última vez | Precio de reemplazo | Tipo de ítem Koha |
|---|---|---|---|---|---|---|---|---|---|---|---|---|---|---|
| Biblioteca del Ateneo de Madrid | Biblioteca del Ateneo de Madrid | Depósito 2 | 17/01/2008 | E-12044 | 1139221 | 23/02/2023 | 23/02/2023 | Libro impreso |
